000 00693nam a2200181 a 4500
001 000049090
005 20240305122052.0
008 110801s1951 dr 000 0 spa d
040 _aDO-SdBNP
_bspa
_cBNPHU
082 _axx
_bH565p,
100 1 _aHerrera, César A.,
_d1910-1988
_98333
245 1 3 _aLa poesía de Salomé Ureña en su función social y patriótica /
_cCésar A. Herrera.
260 _aSanto Domingo, República Dominicana :
_bFeria Nacional del libro,
_c1951.
_q1988
300 _a18 p. ;
_c23 cm.
500 _aDedicada a Manuel Arturo Peña Batlle
590 _aInventariado, 2019/VM
711 _aFeria Nacional del Libro
_n(16a :
_cSanto Domingo, República Dominicana)
_976468
999 _c48578
_d48578